| 000 | 00527ntaaa2200193 4500 | ||
|---|---|---|---|
| 003 | 01 | ||
| 005 | 20251027202832.0 | ||
| 008 | 0714s1973 ag 01 | ||
| 040 |
_aAR-BaBN _bspa _cAR-BaBN _eaacr _dRIC |
||
| 082 | _a268.6000 Yo8 | ||
| 100 |
_aYoungman, Bernard R _928950 |
||
| 245 | _aTeaching religious knowledge | ||
| 250 | _a1 ed. | ||
| 260 |
_aLondon : _bUniversity of London Press, _cc1953, 1961 |
||
| 300 | _a256 p | ||
| 650 |
_aeducación religiosa _94601 |
||
| 650 |
_amétodos-educación religiosa _928951 |
||
| 942 | _cBK | ||
| 999 |
_c23750 _d23750 |
||